Bevezetés

Elmentve itt :
Bibliográfiai részletek
Szerzők: Csapó Benő
Szabó Gábor
Dokumentumtípus: Könyv része
Megjelent: Nemzeti Tankönyvkiadó Budapest 2012
Sorozat:Tartalmi keretek a természettudomány diagnosztikus értékeléséhez
mtmt:1852758
Online Access:http://publicatio.bibl.u-szeged.hu/11227
LEADER 00714naa a2200205 i 4500
001 publ11227
005 20200224113228.0
008 170421s2012 hu o 0|| zxx d
020 |a 978-963-19-7236-8 
024 7 |a 1852758  |2 mtmt 
040 |a SZTE Publicatio Repozitórium  |b hun 
041 |a zxx 
100 1 |a Csapó Benő 
245 1 0 |a Bevezetés  |h [elektronikus dokumentum] /  |c  Csapó Benő 
260 |a Nemzeti Tankönyvkiadó  |b Budapest  |c 2012 
300 |a 314 
300 |a 9-16 
490 0 |a Tartalmi keretek a természettudomány diagnosztikus értékeléséhez 
700 0 1 |a Szabó Gábor  |e aut 
856 4 0 |u http://publicatio.bibl.u-szeged.hu/11227/1/Termeszettudomany_tartalmi_keretek_Bevezetes.pdf  |z Dokumentum-elérés